| 000 | 00675nam a2200193Ia 4500 | ||
|---|---|---|---|
| 005 | 20250508153843.0 | ||
| 008 | 008 250505s9999 xx 000 0 fre d | ||
| 037 | _aBooks to be hide in OPAC | ||
| 040 |
_aFEDL _beng _cFEDL |
||
| 041 |
_afre _2eng |
||
| 084 |
_a371.73, DAP _qFEDL |
||
| 245 | 0 | _aL' education physique dans L'enseignement primaire | |
| 245 | 0 | _cD' Apres Les Donnees Fournies. L'Instruction Publique, (Ministeres De ...) | |
| 260 |
_aGeneva, Switzerland _bBureau International D'Education _c1941 |
||
| 300 | _a286p | ||
| 490 | _aPublications du bureau international d'education; 73 | ||
| 942 |
_cHB _h371.73, DAP |
||
| 999 |
_c1345966 _d1345966 |
||